Slovenský finančný sektor: trendy a riziká v prvom polroku 2014

Napriek pokračujúcim náznakom zlepšenia ekonomickej situácie v Slovenskej republike a relatívne pokojnej situácii na globálnych finančných trhoch naďalej pretrvávajú riziká, ktoré by mohli negatívne ovplyvniť stabilitu slovenského finančného sektora. Identifikácia najvýznamnejších rizík vyplývajúcic...

Descrizione completa

Salvato in:
Dettagli Bibliografici
Autore principale: Kalman, Jozef
Natura: Capitolo di libro
Lingua:slovacco
Soggetti:
Tags: Aggiungi Tag
Nessun Tag, puoi essere il primo ad aggiungerne!!

MARC

LEADER 00000naa a2200000 4500
001 0193893
005 20221020084550.5
041 0 |a slo 
044 |a SK 
245 1 0 |a Slovenský finančný sektor: trendy a riziká v prvom polroku 2014  |c Jozef Kalman 
520 |a Napriek pokračujúcim náznakom zlepšenia ekonomickej situácie v Slovenskej republike a relatívne pokojnej situácii na globálnych finančných trhoch naďalej pretrvávajú riziká, ktoré by mohli negatívne ovplyvniť stabilitu slovenského finančného sektora. Identifikácia najvýznamnejších rizík vyplývajúcich z ekonomického a geopolitického vývoja v zahraničí, ako aj zo samotného vývoja vnútri finančného sektora. Popis trendov v jednotlivých sektoroch finančného trhu. 
610 2 0 |a Slovensko 
610 2 0 |a trh finančný 
610 2 0 |a ukazovatele makroekonomické 
610 2 0 |a vývoj hospodársky 
610 2 0 |a stabilita hospodárstva 
610 2 0 |a stabilita finančná 
610 2 0 |a bankovníctvo 
100 1 |a Kalman, Jozef